000 00483nam a2200169Ia 4500
999 _c12454
_d12454
003 OSt
005 20201005120632.0
008 190216s9999||||xx |||||||||||||| ||und||
040 _coclc
082 _a822.91
_bSHE/J
100 _aSherriff, R C
_94832
245 0 _aJourney`s End /
_cR C Sherriff
260 _bHeinemann Educational Books Ltd,
_c1968.
_aLondon:
300 _a108p
650 _aEnglish Drama
942 _cBK
_2ddc
_h822.91
_iSHE/J
_k822.91
_mSHE/J